| 000 | 00792nam a2200241 i 4500 | ||
|---|---|---|---|
| 001 | 181875 | ||
| 003 | ES-MaACL | ||
| 005 | 20250928102412.0 | ||
| 008 | 130503s2010 sp |||| | spa d | ||
| 020 | _a978-84-935901-5-4 | ||
| 080 | _a61(0:82) | ||
| 080 | _a82"15/19"(082.2) | ||
| 245 | 0 | 4 |
_aLos médicos y la madre que los_ _b: el médico y la medicina en la literatura / _cedición de Emilio Pascual. |
| 250 | _a1ª ed. | ||
| 260 |
_aMadrid : _bMaster Line, _c2010. |
||
| 300 |
_a174 p. ; _c22 cm. |
||
| 650 | 4 |
_aMedicina- _xEn la literatura. _914923 |
|
| 650 | 4 |
_aMédicos- _xEn la literatura. _9168324 |
|
| 700 | 1 |
_aPascual, Emilio, _d1948- _9152679 |
|
| 852 |
_aES-MaACL _jA-12695 _9188783 _bR.148885 _cDEPO1 _dOlim: N-5696 |
||
| 942 |
_2udc _cMONOGRAFIA |
||
| 999 |
_c181875 _d181875 |
||